| 000 | 01876nam a2200313 4500 | ||
|---|---|---|---|
| 020 | _a085369429X | ||
| 040 | _cNSHS | ||
| 082 |
_a615.1 _bMAR |
||
| 245 |
_aMartindale: _bthe complete drug reference / _cedited by Kathleen Parfitt. |
||
| 250 | _a32nd edition. | ||
| 260 |
_aLondon: _bPharmaceutical Press, _c1999. |
||
| 300 |
_aThree volumes set (2315 pages); _billustrations; _c29 cm. |
||
| 500 | _aDC010226 | ||
| 520 | _aMartindale: The Complete Drug Reference is an authoritative and comprehensive reference work that provides detailed, evidence-based information on medicines used worldwide. It includes monographs on prescription drugs, over-the-counter medicines, herbal products, and investigational substances, covering their chemical properties, pharmacology, therapeutic uses, dosage, adverse effects, drug interactions, and regulatory status in different countries. Published by Pharmaceutical Press, it serves as an essential resource for pharmacists, physicians, researchers, and healthcare professionals, especially for identifying international drug names, comparing formulations, and supporting safe and effective clinical decision-making. | ||
| 546 | _aEnglish. | ||
| 650 | 0 |
_aDrugs _vDictionaries. _9133860 |
|
| 650 | 0 |
_aChemotherapy _993699 |
|
| 650 | 0 |
_aDrug Therapy _9133867 |
|
| 650 | 2 |
_aDrug-Related Side Effects and Adverse Reactions _zGreat Britain. _9133868 |
|
| 650 | 0 |
_aPharmacopoeias as Topic _vCompendium. _9133869 |
|
| 650 | 0 |
_aPharmacology _vHandbooks, manuals, etc. _9133864 |
|
| 650 | 0 |
_aMedicine _vHandbooks, manuals, etc. _9133865 |
|
| 650 | 0 |
_aDrugs - Handbooks, manuals, etc. _9133871 |
|
| 650 | 0 |
_aPharmacology - Reference works. _9133334 |
|
| 650 | 0 |
_aMateria medica - Handbooks, manuals, etc. _9133872 |
|
| 700 | 1 |
_aParfitt, Kathleen _9133332 |
|
| 942 |
_2ddc _cBK |
||
| 999 |
_c616313 _d616313 |
||